00645 2200241 4500001002100000005001500021035002000036007000300056008004100059020002200100082001400122084002100136100002500157245005500182250001000237300002300247600001400270264003500284336002100319337003000340338002300370990001000393INLIS00000000000026120220617081305 a0010-0622000258ta220617 0 ind  a978-602-7870-86-4 a899.221 3 a899.221 3 PID d0 aPidi BaiqePengarang1 aDilan :bdia adalah dilanku tahun1990 /cPidi Baiq acet 9 a348 hlm ;c20,5 cm 4aPidi Baiq aBandung :bpastel books,c2016 2rdacontentaTeks 2rdamediaaTanpa Perantara 2rdacarrieraVolume a21.26